| 000 | 00328nam a22000977a 4500 | ||
|---|---|---|---|
| 082 |
_a343.549104 _bPAK |
||
| 245 |
_aPakistan Tax Decisions [P T D] 2014 / _cEdited by Muhammad Anwar Khokhar, Muhammad Wahaj Azhar and Kashif Mir Zubair |
||
| 260 |
_aLahore : _bPLD Publishers, _c2014. |
||
| 300 |
_avolume _c23 cm. |
||
| 942 |
_2ddc _cCR _s1 |
||
| 999 |
_c592531 _d592531 |
||